000 00331pam a2200157a 44500
008 230515b2011 xxu||||| |||| 00| 0 eng d
020 _aNULL
041 _aENGLISH
082 _a0
100 _aHAN / KAMBER
245 _aDATA MINING
250 _a0
260 _aNEW DELHI
_bELSEVIER
_c2011
300 _a770
650 _aNULL
999 _c599564
_d599564